Top 10 American Countries with the Highest Elevation - Statistics

General Stats
  • This quiz has been taken 164 times
  • The average score is 10 of 10
Answer Stats
Meters Country Feet % Correct
6,190 Canada 19,551
99%
6,893 Chile 22,615
99%
5,636 Mexico 18,491
99%
6,190 United States 20,310
99%
6,768 Peru 22,205
98%
6,960 Argentina 22,835
97%
6,542 Bolivia 21,463
97%
5,700 Colombia 18,701
96%
6,267 Ecuador 20,561
95%
4,978 Venezuela 16,332
95%
No matching quizzes found
Score Distribution
Percent of People with Each Score
Percentile by Number Answered
Your Score History
You have not taken this quiz